Králové Majálesů : studentské slavnosti v Československu 1945-1990 = The kings of Majáles : student festivities in Czechoslovakia 1945-1990 /

Other Authors: Blažek, Petr, 1973-, Hausner, Tomáš
Language: Czech
English
Published: Praha : Museum Kampa - Nadace Jana a Medy Mládkových :Muzeum paměti XX. století, 2022
Subjects:
Physical Description: 147 stran : ilustrace (některé barevné), portréty, faksimile ; 30 cm
Language note: Souběžný anglický text
Book
Saved in:
LEADER 02690nam a2200625 i 4500
001 nkc20223420677
003 CZ PrNK
005 20220913100243.0
007 ta
008 220510s2022 xr ach e c 000 0 cze
015 |a cnb003420677 
020 |a 978-80-907989-6-0  |q (Muzeum paměti XX. století ;  |q brožováno) 
020 |a 978-80-87344-64-4  |q (Museum Kampa - Nadace Jana a Medy Mládkových ;  |q brožováno) 
035 |a (OCoLC)1347065567 
040 |a BOA001  |b cze  |e rda 
041 1 |a cze  |a eng  |h cze 
043 |a e-cs--- 
045 |a x4x9 
072 7 |a 323  |x Vnitropolitický vývoj, politický život  |2 Konspekt  |9 15 
080 |a 37.091.8:394.24  |2 MRF 
080 |a 316.48-057.875  |2 MRF 
080 |a 323.22  |2 MRF 
080 |a 323  |2 MRF 
080 |a (437)  |2 MRF 
080 |a (083.824)  |2 MRF 
245 0 0 |a Králové Majálesů :  |b studentské slavnosti v Československu 1945-1990 = The kings of Majáles : student festivities in Czechoslovakia 1945-1990 /  |c Petr Blažek (ed.) ; překlad: Tomáš Hausner 
246 3 1 |a Kings of Majáles 
264 1 |a Praha :  |b Museum Kampa - Nadace Jana a Medy Mládkových :  |b Muzeum paměti XX. století,  |c 2022 
300 |a 147 stran :  |b ilustrace (některé barevné), portréty, faksimile ;  |c 30 cm 
336 |a text  |b txt  |2 rdacontent 
336 |a statický obraz  |b sti  |2 rdacontent 
337 |a bez média  |b n  |2 rdamedia 
338 |a svazek  |b nc  |2 rdacarrier 
504 |a Obsahuje bibliografii 
546 |a Souběžný anglický text 
648 7 |a 1945-1990  |7 ch1027066  |2 czenas 
650 0 7 |a majálesy  |7 ph327656  |z Československo  |y 1945-1990  |2 czenas 
650 0 7 |a studentské slavnosti  |7 ph126163  |z Československo  |y 1945-1990  |2 czenas 
650 0 7 |a studentská hnutí  |7 ph116304  |z Československo  |y 1945-1990  |2 czenas 
650 0 7 |a protestní hnutí  |7 ph124669  |z Československo  |y 1945-1990  |2 czenas 
650 0 9 |a rag days  |z Czechoslovakia  |y 1945-1990  |2 eczenas 
650 0 9 |a student celebrations  |z Czechoslovakia  |y 1945-1990  |2 eczenas 
650 0 9 |a student movements  |z Czechoslovakia  |y 1945-1990  |2 eczenas 
650 0 9 |a protest movements  |z Czechoslovakia  |y 1945-1990  |2 eczenas 
651 7 |a Československo  |7 ge131689  |x společnost a politika  |y 1945-1990  |2 czenas 
651 9 |a Czechoslovakia  |x society and politics  |y 1945-1990  |2 eczenas 
655 7 |a katalogy výstav  |7 fd132536  |2 czenas 
655 9 |a exhibition catalogs  |2 eczenas 
700 1 |a Blažek, Petr,  |d 1973-  |7 pna2005280931  |4 edt 
700 1 |a Hausner, Tomáš  |7 xx0064073  |4 trl 
910 2 |a BOA001  |b 4-1492.239 
990 |a BK 
995 |a 01 
991 |b 202208  |c NOV 
996 6 |b 2610912113  |c 4-1492.239  |l MZK  |r Sklad / do 1 hodiny  |n 0  |p p.v.  |w 001896652  |u 000010  |a 1  |e BOA001  |j MZK50  |s P